Every Wrestler to Win the WWE IC, US & European Championships - Statistics

General Stats
  • This quiz has been taken 178 times
  • The average score is 3 of 5
Answer Stats
Intercontinental United States European Wrester % Correct
12/12/1999 09/01/2017 02/04/2000 Chris Jericho
83%
27/02/2000 22/10/2001 08/02/2000 Kurt Angle
75%
10/04/2001 16/04/2018 08/07/2002 Jeff Hardy
72%
04/09/2000 27/07/2003 03/04/2000 Eddie Guerrero
66%
09/03/2009 02/04/2006 22/10/2001 John Bradshaw Layfield
44%
No matching quizzes found
Score Distribution
Percent of People with Each Score
Percentile by Number Answered
Your Score History
You have not taken this quiz